Dengan sastra dan seni jang berkepribadian nasional mengabdi buruh, (Record no. 69110)

MARC details
000 -LEADER
fixed length control field 00780cam a22002291 4500
001 - CONTROL NUMBER
control field sa 66003757
003 - CONTROL NUMBER IDENTIFIER
control field DLC
005 - DATE AND TIME OF LATEST TRANSACTION
control field 20260227112238.0
008 - FIXED-LENGTH DATA ELEMENTS--GENERAL INFORMATION
fixed length control field 940328s1964 io c 000 0 ind
010 ## - LIBRARY OF CONGRESS CONTROL NUMBER
LC control number sa 66003757
025 ## - OVERSEAS ACQUISITION NUMBER
Overseas acquisition number PL480:Indo-2329
035 ## - SYSTEM CONTROL NUMBER
System control number (OCoLC)30046085
040 ## - CATALOGING SOURCE
Original cataloging agency DLC
Transcribing agency CU
Modifying agency CU
-- DLC
042 ## - AUTHENTICATION CODE
Authentication code premarc
050 00 - LIBRARY OF CONGRESS CALL NUMBER
Classification number PL5080.5
Item number .A4
100 1# - MAIN ENTRY--PERSONAL NAME
Personal name Aidit, D. N.,
Dates associated with a name 1923-1965.
245 10 - TITLE STATEMENT
Title Dengan sastra dan seni jang berkepribadian nasional mengabdi buruh,
Remainder of title tani dan pradjurit. (Pokok² referat dihadapan Konfernas Sastra dan Seni Revolusioner di Djakarta, diutjapkan tgl. 28 Agustus 1964).
260 ## - PUBLICATION, DISTRIBUTION, ETC.
Place of publication, distribution, etc. Djakarta,
Name of publisher, distributor, etc. Jajasan Pembaruan,
Date of publication, distribution, etc. 1964.
300 ## - PHYSICAL DESCRIPTION
Extent 103 p.
Other physical details port.
Dimensions 20 cm.
650 #0 - SUBJECT ADDED ENTRY--TOPICAL TERM
Topical term or geographic name entry element Indonesian literature.
650 #0 - SUBJECT ADDED ENTRY--TOPICAL TERM
Topical term or geographic name entry element Art
Geographic subdivision Indonesia.

No items available.

Powered by Koha